| 000 | 00373nam a2200133Ia 4500 | ||
|---|---|---|---|
| 008 | 230917s9999||||xx |||||||||||||| ||und|| | ||
| 040 |
_e93603 _aMAIN |
||
| 041 | _aEnglish | ||
| 082 | _a677 S23S | ||
| 100 | _aSharma, Dhirendra | ||
| 245 | 0 | _aSome studies on the physical & mechanical properties on multifold nylon/cellulose core-spun yarn | |
| 300 | _a64 p. | ||
| 942 | _cTH | ||
| 999 |
_c72818 _d72818 |
||